00551nam a22001697a 450000500170000001000150001702000260003203500130005803700130007108200170008410000200010124500670012126000540018827000640024230000250030650000500033120131217142320.0 aENG-108852 a9789381176283c895.00 aEN-92385 bDBAD/PUB a371.82994824 aMohanty, Namita aTribal education :cby Namita Mohantybissues and approcahes / aNew DelhibSSDN Publishers and Distributorsc2013 a5A, Sahni Mansion, Ansari Road DaryaganjbNew Delhie110002 axii,283p. c22cm(Hb) aIncludes bibliographical references and index